000 00222 a2200097 4500
001 55340
100 _a
245 _aTell me how book 2; Ma'am
260 _aNew delhi
_bBlackie & son
_c2005
090 _c34329
_d34329
942 _aNUST-CAE
_cMONOGRAPH
_c27035
999 _c290413
_d290413